000 00828cab a2200229 4500
001 WB3506-16
008 090401t1999 xxu||||| |||| 00| 0 eng d
035 _a(Sirsi) u91250
041 _aeng
245 _aScarcity in Dublin
260 _c1999
350 _a0
490 _aIrish Times
_v10 February 1999, (1)
520 _aThe shortage of office space in Dublin is expected to worsen as several major companies compete for a small number of new developments nearing completion. The vacancy rate of 2.4% is the lowest for over 30 years.
650 _aDUBLIN
650 _aOFFICE DEVELOPMENT
650 _aPROPERTY-COMMERCIAL PROPERTY-OFFICE PROPERTY-OFFICE PROPERTY MARKET
650 _aSUPPLY AND DEMAND
690 _aPROPERTY-COMMERCIAL PROPERTY-COMMERCIAL PROPERTY MARKET
942 _n0
948 _c11/02/1999
999 _c57904
_d57904